The Islamic Nation: (Record no. 613671)
[ view plain ]
| 000 -LEADER | |
|---|---|
| fixed length control field | 00363nam a22001217a 4500 |
| 082 ## - DEWEY DECIMAL CLASSIFICATION NUMBER | |
| Classification number | 909.097671 |
| Author Mark | MEM |
| 100 ## - MAIN ENTRY--PERSONAL NAME | |
| Personal name | Memon, Ali Nawaz |
| 245 ## - TITLE STATEMENT | |
| Title | The Islamic Nation: |
| Remainder of title | status & future of Muslims in the New World Order / |
| Statement of responsibility, etc. | Ali Nawaz Memon |
| 260 ## - PUBLICATION, DISTRIBUTION, ETC. | |
| Place of publication, distribution, etc. | Lahore : |
| Name of publisher, distributor, etc. | Vanguard Books Pvt Limited, |
| Date of publication, distribution, etc. | 1996. |
| 300 ## - PHYSICAL DESCRIPTION | |
| Extent | 261 p. |
| 563 ## - BINDING INFORMATION | |
| Binding note | HB. |
| 942 ## - ADDED ENTRY ELEMENTS (KOHA) | |
| Source of classification or shelving scheme | |
| Koha item type | Book |
| Withdrawn status | Lost status | Source of classification or shelving scheme | Damaged status | Not for loan | Permanent Location | Current Location | Date acquired | Source of acquisition | Full call number | Barcode | Date last seen | Price effective from | Koha item type |
|---|---|---|---|---|---|---|---|---|---|---|---|---|---|
| NUST Law School (NLS) | NUST Law School (NLS) | 05/05/2025 | Donated by Vanguard Books Pvt Limited | 909.097671 MEM | NLSD-19 | 05/05/2025 | 05/05/2025 | Book |
